Komentár k zákonu č. 639/2002 Z.z., ktorým sa mení a dopĺňa zákon č. 413/2002 o sociálnom poistení...

Komentár k zákonu č. 639/2002 Z.z., ktorým sa mení a dopĺňa zákon č. 413/2002 Z.z. o sociálnom poistení a o zmene zákona č. 306/2002 Z.z. o zvýšení dôchodkov v roku 2002, o úprave dôchodkov priznaných v roku 2003 a o zmene a doplnení niektorých zákonov v oblasti sociálneho zabezpečenia.

Gespeichert in:
Bibliographische Detailangaben
1. Verfasser: Novotná, Eleonóra
Weitere Verfasser: Kasanická, Kornélia
Format: Buchkapitel
Sprache:Slowakisch
Schlagworte:
Tags: Tag hinzufügen
Keine Tags, Fügen Sie das erste Tag hinzu!

MARC

LEADER 00000naa a2200000 4500
001 r048540
005 20230925073241.9
041 0 |a slo 
044 |a SK 
245 1 0 |a Komentár k zákonu č. 639/2002 Z.z., ktorým sa mení a dopĺňa zákon č. 413/2002 o sociálnom poistení...  |c Eleonóra Novotná, Kornélia Kasanická 
520 |a Komentár k zákonu č. 639/2002 Z.z., ktorým sa mení a dopĺňa zákon č. 413/2002 Z.z. o sociálnom poistení a o zmene zákona č. 306/2002 Z.z. o zvýšení dôchodkov v roku 2002, o úprave dôchodkov priznaných v roku 2003 a o zmene a doplnení niektorých zákonov v oblasti sociálneho zabezpečenia. 
610 2 0 |a poistenie sociálne 
610 2 0 |a zákony 
610 2 0 |a Slovensko 
610 2 0 |a komentáre 
610 2 0 |a 2002 
610 2 0 |a dôchodky starobné 
610 2 0 |a zabezpečenie sociálne 
100 1 |a Novotná, Eleonóra 
700 1 |a Kasanická, Kornélia